[Event "Werner-Ott-Open Kreuzberger Sommer 2014"]
[Site "Berlin"]
[Date "2014.07.13"]
[Round "9.1"]
[White "Stern, Rene"]
[Black "Meister, Jakob"]
[Result "1-0"]
[WhiteElo "2527"]
[BlackElo "2478"]
[PlyCount "87"]
[EventDate "2014.??.??"]
[WhiteTeam "SK König Tegel 1949 e.V."]
[BlackTeam "SK Zehlendorf e.V."]

1. d4 e6 2. c4 Nf6 3. Nc3 Bb4 4. Bd2 O-O 5. Nf3 b6 6. e3 Bb7 7. Bd3 c5 8. a3
cxd4 9. axb4 dxc3 10. Bxc3 d6 11. O-O Nbd7 12. Ra3 Qc7 13. b3 e5 14. Be2 Ne4
15. Bb2 f5 16. Nd2 Nef6 17. Qb1 e4 18. Qa1 a6 19. Rc1 Rae8 20. c5 dxc5 21. bxc5
bxc5 22. Bxa6 Bxa6 23. Rxa6 f4 24. Ra7 Qb8 25. Bxf6 Nxf6 26. Rxc5 Rf7 27. Rxf7
Kxf7 28. exf4 Qxf4 29. Nc4 Rd8 30. g3 Qb8 31. Ne5+ Kg8 32. Qa4 h6 33. Qc4+ Kh7
34. Qf7 Rf8 35. Qe6 Qb4 36. Qf5+ Kg8 37. Ng6 Re8 38. Rc8 Qxb3 39. Rxe8+ Nxe8
40. Ne7+ Kh8 41. Qf8+ Kh7 42. Qxe8 Qe6 43. Qd8 Qf7 44. Nd5 1-0

[Event "Werner-Ott-Open Kreuzberger Sommer 2014"]
[Site "Berlin"]
[Date "2014.07.13"]
[Round "9.2"]
[White "Richter, Michael"]
[Black "Kaiser, Elmar"]
[Result "1-0"]
[WhiteElo "2491"]
[BlackElo "2163"]
[PlyCount "35"]
[EventDate "2014.??.??"]
[WhiteTeam "SK König Tegel 1949 e.V."]
[BlackTeam "SK Tauberbischofsheim"]

1. d4 Nf6 2. Nf3 e6 3. e3 c5 4. Bd3 cxd4 5. exd4 b6 6. O-O Be7 7. c4 Bb7 8. Nc3
d5 9. cxd5 Nxd5 10. Ne5 O-O 11. Qh5 Nf6 12. Qh4 Nbd7 13. Rd1 Rc8 14. Qh3 Re8
15. Bf4 g6 16. Bb5 a6 17. Bxd7 Nxd7 18. Nxf7 1-0

[Event "Werner-Ott-Open Kreuzberger Sommer 2014"]
[Site "Berlin"]
[Date "2014.07.13"]
[Round "9.3"]
[White "Brüdigam, Martin"]
[Black "Kalinitschew, Sergey"]
[Result "0-1"]
[WhiteElo "2328"]
[BlackElo "2426"]
[PlyCount "82"]
[EventDate "2014.??.??"]
[WhiteTeam "SK König Tegel 1949 e.V."]
[BlackTeam "SC Kreuzberg e.V."]

1. e4 c5 2. Nf3 Nc6 3. d4 cxd4 4. Nxd4 g6 5. c4 Bg7 6. Nc2 d6 7. Be2 Nf6 8. Nc3
O-O 9. O-O Nd7 10. Bd2 a5 11. Na3 Nc5 12. Nab5 a4 13. Rb1 f5 14. Be3 fxe4 15.
b4 axb3 16. axb3 Bf5 17. g4 Be6 18. b4 Nd3 19. Nxe4 Ndxb4 20. Ng5 Bc8 21. Nd4
Nxd4 22. Bxd4 Bxd4 23. Qxd4 e5 24. Qd2 Ra2 25. Qe3 Nc2 26. Qb3 Ra3 27. Qxc2
Qxg5 28. f3 Qe3+ 29. Kh1 Bd7 30. c5 Bc6 31. cxd6 e4 32. Bc4+ Kg7 33. Rxb7+ Bxb7
34. Qb2+ Kh6 35. Qxb7 Rxf3 36. Rg1 Ra7 37. Qc8 Rff7 38. g5+ Kg7 39. Bf1 Ra1 40.
Qc4 Qf3+ 41. Bg2 Rxg1+ 0-1

[Event "Werner-Ott-Open Kreuzberger Sommer 2014"]
[Site "Berlin"]
[Date "2014.07.13"]
[Round "9.5"]
[White "Jahnz, Fabian"]
[Black "Gebigke, Martin"]
[Result "1-0"]
[WhiteElo "2270"]
[BlackElo "2152"]
[PlyCount "57"]
[EventDate "2014.??.??"]
[WhiteTeam "SK König Tegel 1949 e.V."]
[BlackTeam "SC Kreuzberg e.V."]

1. e4 c5 2. Nf3 d6 3. Bb5+ Bd7 4. Bxd7+ Qxd7 5. O-O Nf6 6. Qe2 Nc6 7. Rd1 g5 8.
c3 g4 9. Nh4 Bh6 10. Na3 Bg5 11. Nf5 e6 12. Ne3 h5 13. d4 Bxe3 14. Bxe3 cxd4
15. Bxd4 Nxd4 16. Rxd4 e5 17. Rd2 O-O-O 18. Nb5 Nxe4 19. Nxa7+ Kb8 20. Qxe4
Kxa7 21. Rad1 Qe6 22. Rd5 b6 23. Qb4 Rh6 24. a4 Qe7 25. a5 b5 26. Rxb5 Qc7 27.
Rb6 Rb8 28. Rd5 Rhh8 29. Rdxd6 1-0

[Event "Werner-Ott-Open Kreuzberger Sommer 2014"]
[Site "Berlin"]
[Date "2014.07.13"]
[Round "9.7"]
[White "Horstmann, Olaf"]
[Black "Boetzer, Detlef"]
[Result "0-1"]
[WhiteElo "2182"]
[BlackElo "2228"]
[PlyCount "130"]
[EventDate "2014.??.??"]
[WhiteTeam "Vereinigung der Schachsportfreun"]
[BlackTeam "SC Rotation Pankow e.V."]

1. e4 e6 2. d3 d5 3. Qe2 Be7 4. Nf3 Nf6 5. g3 O-O 6. Bg2 b5 7. O-O c5 8. e5
Nfd7 9. h4 Nc6 10. Bf4 Qc7 11. Nbd2 a5 12. Rfe1 Bb7 13. Nf1 Nd4 14. Nxd4 cxd4
15. Rac1 Rfc8 16. Nh2 Ra6 17. Qg4 Qc5 18. Nf3 Qb4 19. b3 a4 20. Bd2 Qa3 21.
Nxd4 Qxa2 22. Ra1 Qb2 23. Reb1 a3 24. Rxb2 axb2 25. Rb1 Ra1 26. Qd1 Rca8 27.
Bc3 Rxb1 28. Qxb1 Ra1 29. Qxa1 bxa1=Q+ 30. Bxa1 b4 31. f4 g6 32. Kf1 h5 33. Ke2
Kf8 34. c3 bxc3 35. Bxc3 Ke8 36. Kd2 Nb8 37. Kc2 Kd7 38. b4 Kc7 39. Kb3 Kb6 40.
Nf3 Nc6 41. Bf1 Ba6 42. Be2 Bb5 43. Ne1 Bxb4 44. Nc2 {(=)} Ba4+ 45. Kb2 Bxc3+
46. Kxc3 Bxc2 47. Kxc2 Nd4+ 48. Kd2 Nf5 49. g4 hxg4 50. Bxg4 Nxh4 51. Ke3 Kc5
52. Bh3 Nf5+ 53. Kf3 Kd4 54. Ke2 Nh4 55. Bf1 g5 56. fxg5 Ng6 57. Kf3 Nxe5+ 58.
Kf4 Ng6+ 59. Kg4 Ke3 60. Kh5 Kf2 61. Kh6 Kxf1 62. Kg7 d4 63. Kxf7 Nf4 64. Kf6
Ke2 65. Ke5 Ke3 0-1

[Event "Werner-Ott-Open Kreuzberger Sommer 2014"]
[Site "Berlin"]
[Date "2014.07.13"]
[Round "9.8"]
[White "Lerch, Philipp"]
[Black "Nikolov, Rumen"]
[Result "1/2-1/2"]
[WhiteElo "2197"]
[BlackElo "2071"]
[PlyCount "47"]
[EventDate "2014.??.??"]
[WhiteTeam "SK König Tegel 1949 e.V."]
[BlackTeam "Ivis Plus"]

1. c4 g6 2. g3 Bg7 3. Bg2 e5 4. Nc3 Ne7 5. e4 O-O 6. Nge2 Nbc6 7. O-O d6 8. d3
f5 9. Nd5 fxe4 10. dxe4 Bg4 11. f3 Be6 12. Be3 Qd7 13. Qd2 Rad8 14. Rfd1 Nc8
15. c5 N6e7 16. Nxe7+ Qxe7 17. cxd6 Rxd6 18. Qc2 Rfd8 19. Nc3 Rxd1+ 20. Rxd1
Rxd1+ 21. Qxd1 c6 22. Bf1 Bf8 23. Kg2 Qb4 24. Qd2 1/2-1/2

[Event "Werner-Ott-Open Kreuzberger Sommer 2014"]
[Site "Berlin"]
[Date "2014.07.13"]
[Round "9.9"]
[White "Schmidbauer, Martin"]
[Black "Heerde, Thomas"]
[Result "1-0"]
[WhiteElo "2242"]
[BlackElo "2005"]
[PlyCount "93"]
[EventDate "2014.??.??"]
[WhiteTeam "SK Tempelhof 1931 e.V."]
[BlackTeam "SC Weisse Dame e.V."]

1. e4 c5 2. Nf3 Nc6 3. d3 g6 4. g3 Bg7 5. Bg2 e5 6. O-O Nge7 7. Nbd2 O-O 8. c3
d6 9. a3 h6 10. b4 b6 11. Nb3 a6 12. Bb2 Be6 13. Rb1 Qd7 14. d4 exd4 15. cxd4
Bc4 16. Re1 cxb4 17. d5 Ne5 18. Nxe5 dxe5 19. axb4 Qb5 20. Nd2 Bd3 21. Bf1 Bxf1
22. Nxf1 Rad8 23. Qb3 Nc8 24. Ne3 Nd6 25. f3 h5 26. Rbc1 Rc8 27. Ba3 Rfe8 28.
Bb2 {(=)} Kh7 29. Kf2 f6 30. Rc2 Rxc2+ 31. Nxc2 Qc4 32. Re3 Bh6 33. Rd3 f5 34.
exf5 gxf5 35. Ne3 Qxb3 36. Rxb3 Bxe3+ 37. Kxe3 Kg6 38. Rc3 e4 39. Rc6 exf3+ 40.
Kxf3 Rd8 41. Be5 Kf7 42. Rxd6 Re8 43. Kf4 b5 44. Kxf5 Ra8 45. Rd7+ Kg8 46. Rg7+
Kf8 47. Rh7 1-0

[Event "Werner-Ott-Open Kreuzberger Sommer 2014"]
[Site "Berlin"]
[Date "2014.07.13"]
[Round "9.10"]
[White "Gaerths, Ronny"]
[Black "Schulz, Hartmut"]
[Result "1/2-1/2"]
[WhiteElo "2204"]
[BlackElo "2067"]
[PlyCount "45"]
[EventDate "2014.??.??"]
[WhiteTeam "ohne Verein"]
[BlackTeam "SC Rotation Pankow e.V."]

1. c4 c6 2. Nf3 d5 3. e3 Nf6 4. Nc3 Nbd7 5. Qc2 e6 6. b3 Bd6 7. Bb2 O-O 8. Be2
Re8 9. Rg1 Nf8 10. g4 a6 11. g5 N6d7 12. cxd5 cxd5 13. h4 b5 14. g6 fxg6 15. h5
b4 16. hxg6 bxc3 17. gxh7+ Nxh7 18. Qg6 Qe7 19. Bxc3 e5 20. O-O-O Ndf8 21. Qh5
Qf7 22. Qh4 Bf5 23. Kb2 {(=)} 1/2-1/2

[Event "Werner-Ott-Open Kreuzberger Sommer 2014"]
[Site "Berlin"]
[Date "2014.07.13"]
[Round "9.11"]
[White "Major, Vitalij"]
[Black "Kievelitz, Bernd"]
[Result "1-0"]
[WhiteElo "2197"]
[BlackElo "2046"]
[PlyCount "63"]
[EventDate "2014.??.??"]
[WhiteTeam "SC Kreuzberg e.V."]
[BlackTeam "SC Zitadelle Spandau 1977 e.V."]

1. d4 Nf6 2. Nf3 b6 3. c4 e6 4. a3 Bb7 5. Nc3 d5 6. cxd5 Nxd5 7. Qc2 Be7 8. e4
Nxc3 9. bxc3 Nd7 10. Bd3 c5 11. O-O h6 12. Qe2 O-O 13. e5 Re8 14. Be3 cxd4 15.
cxd4 Bd5 16. Nd2 f5 17. g4 Rf8 18. gxf5 exf5 19. f4 Qe8 20. h3 g6 21. Kh2 Kh7
22. Bf2 Rc8 23. h4 h5 24. Nf3 Qf7 25. Rg1 Rg8 26. Ng5+ Bxg5 27. Rxg5 Kh6 28.
Rag1 Bc4 29. Bxc4 Qxc4 30. Rxh5+ gxh5 31. Qxc4 Rxc4 32. Rxg8 1-0

[Event "Werner-Ott-Open Kreuzberger Sommer 2014"]
[Site "Berlin"]
[Date "2014.07.13"]
[Round "9.12"]
[White "Kather, Yannick"]
[Black "Johansson, Thomas"]
[Result "1/2-1/2"]
[WhiteElo "2009"]
[BlackElo "2193"]
[PlyCount "95"]
[EventDate "2014.??.??"]
[WhiteTeam "SC Weisse Dame e.V."]
[BlackTeam "Uppsala ASS"]

1. e4 e5 2. Nc3 Nf6 3. g3 Nc6 4. Bg2 Bc5 5. Nge2 a6 6. O-O d6 7. Nd5 O-O 8. c3
Nd7 9. d4 Ba7 10. Be3 Ne7 11. Nxe7+ Qxe7 12. f4 b5 13. b3 Bb7 14. Qd3 Rfe8 15.
fxe5 dxe5 16. d5 Bxe3+ 17. Qxe3 Qc5 18. Qf2 f6 19. c4 b4 20. Nc1 Qxf2+ 21. Kxf2
Nc5 22. Ke3 Kf8 23. Nd3 Nxd3 24. Kxd3 c5 25. Bh3 Ke7 26. Rf2 a5 27. a4 h5 28.
Bf5 {(=)} Rh8 29. Raf1 Bc8 30. h3 Bd7 31. Ke3 Be8 32. h4 Rd8 33. Rg1 Bf7 34.
Rd1 Rd6 35. Rg1 g6 36. Bh3 Rg8 37. Rfg2 Rg7 38. Rf2 Rg8 39. Rfg2 Rdd8 40. Rf2
Rh8 41. Rd1 Rd6 42. Rg1 Rh6 43. Rgf1 Rh8 44. Rg1 Rf8 45. Rgf1 Be8 46. Rg1 Rd8
47. Rd1 Rd6 48. Rg1 1/2-1/2

[Event "Werner-Ott-Open Kreuzberger Sommer 2014"]
[Site "Berlin"]
[Date "2014.07.13"]
[Round "9.13"]
[White "Kollberg, Lothar"]
[Black "Hohn, August"]
[Result "1/2-1/2"]
[WhiteElo "2177"]
[BlackElo "1965"]
[PlyCount "27"]
[EventDate "2014.??.??"]
[WhiteTeam "SC Zugzwang 95 e.V."]
[BlackTeam "SC Zugzwang 95 e.V."]

1. d4 Nf6 2. c4 e6 3. Nc3 Bb4 4. e3 O-O 5. Bd3 d5 6. Nf3 dxc4 7. Bxc4 c5 8. O-O
cxd4 9. exd4 Nbd7 10. Qe2 Nb6 11. Bb3 Nbd5 12. Bd2 Bd7 13. Rfe1 b6 14. Rad1
1/2-1/2

[Event "Werner-Ott-Open Kreuzberger Sommer 2014"]
[Site "Berlin"]
[Date "2014.07.13"]
[Round "9.14"]
[White "Schulz, Olaf"]
[Black "Bub, Volker"]
[Result "1-0"]
[WhiteElo "1987"]
[BlackElo "2094"]
[PlyCount "75"]
[EventDate "2014.??.??"]
[WhiteTeam "SC Rotation Pankow e.V."]
[BlackTeam "SC Tornado 86 Hochneukirch"]

1. d4 d6 2. c4 g6 3. Nc3 Bg7 4. e4 Nd7 5. f4 e5 6. fxe5 dxe5 7. d5 Ngf6 8. Nf3
O-O 9. Bg5 h6 10. Bh4 c6 11. Qc2 Qb6 12. Bf2 Nc5 13. Nd2 Nfd7 14. a3 Qd8 15. b4
Na6 16. c5 Nc7 17. Bc4 Nf6 18. Rd1 Ng4 19. Nf3 Nxf2 20. Qxf2 cxd5 21. Nxd5 Bd7
22. O-O Rc8 23. Qg3 Ba4 24. Rd2 Qe8 25. Nh4 Kh8 26. Rdf2 Bb5 27. Nxc7 Rxc7 28.
Bxb5 Qxb5 29. Nxg6+ fxg6 30. Rxf8+ Bxf8 31. Rxf8+ Kg7 32. Qxe5+ Kxf8 33. Qxc7
Qe2 34. Qf4+ Ke7 35. h3 Qd1+ 36. Kh2 g5 37. Qe5+ Kd7 38. Qd5+ 1-0

[Event "Werner-Ott-Open Kreuzberger Sommer 2014"]
[Site "Berlin"]
[Date "2014.07.13"]
[Round "9.15"]
[White "Krefenstein, Sergej"]
[Black "Meyer-Dunker, Paul"]
[Result "1-0"]
[WhiteElo "2088"]
[BlackElo "1889"]
[PlyCount "129"]
[EventDate "2014.??.??"]
[WhiteTeam "TuS Makkabi Berlin e.V."]
[BlackTeam "SC Friesen Lichtenberg e.V."]

1. e4 e5 2. f4 Nc6 3. Nf3 f5 4. d4 fxe4 5. Nxe5 Nf6 6. d5 d6 7. dxc6 dxe5 8.
Qxd8+ Kxd8 9. fxe5 Ng4 10. Nc3 Bb4 11. Bg5+ Ke8 12. Bb5 Bxc3+ 13. bxc3 Kf7 14.
O-O+ Kg6 15. Bf4 a6 16. cxb7 Bxb7 17. Bd7 Bc8 18. Bc6 Rb8 19. Bxe4+ Bf5 20. Bd3
Rhe8 21. Rae1 Bxd3 22. cxd3 c5 23. h3 Nh6 24. Bxh6 Kxh6 25. e6 Rb6 26. Rf5 c4
27. d4 Rexe6 28. Rxe6+ Rxe6 29. Rc5 Re2 30. a4 Ra2 31. Rxc4 Kg5 32. d5 Kf6 33.
Rd4 Ke7 34. d6+ Kd7 35. Rg4 g6 36. Rh4 h5 37. Rb4 a5 38. Rb7+ Kxd6 39. Rb6+ Ke5
40. Rb5+ Kf4 41. Rxa5 g5 42. Kh2 g4 43. hxg4 hxg4 44. Ra8 Ra3 45. a5 Rxc3 46.
a6 Rc7 47. Rf8+ Kg5 48. Rf1 Ra7 49. Ra1 Kh4 50. Ra4 Kg5 51. Kg3 Kh6 52. Kxg4
Kg6 53. g3 Kf6 54. Kf4 Ke6 55. Ke4 Rg7 56. Ra5 Ra7 57. g4 Ke7 58. Ke5 Kd8 59.
g5 Ke8 60. Ke6 Re7+ 61. Kd6 Ra7 62. Kc6 Kd8 63. Kb6 Rg7 64. a7 Rg6+ 65. Kb7 1-0

[Event "Werner-Ott-Open Kreuzberger Sommer 2014"]
[Site "Berlin"]
[Date "2014.07.13"]
[Round "9.16"]
[White "Acikel, Mert"]
[Black "Niechotz, Christopher"]
[Result "0-1"]
[WhiteElo "1707"]
[BlackElo "2070"]
[PlyCount "52"]
[EventDate "2014.??.??"]
[WhiteTeam "SV Mattnetz"]
[BlackTeam "SC Kreuzberg e.V."]

1. e4 c5 2. Nf3 d6 3. d4 cxd4 4. Nxd4 Nf6 5. Nc3 Bd7 6. Bg5 Nc6 7. Qd2 Rc8 8.
Nxc6 Bxc6 9. f3 a6 10. O-O-O e6 11. g4 h6 12. Be3 b5 13. Kb1 Qc7 14. Rg1 Be7
15. Ne2 d5 16. e5 Nd7 17. f4 Nb6 18. Bxb6 Qxb6 19. f5 a5 20. Nf4 Qxg1 21. fxe6
O-O 22. Nxd5 Bxd5 23. Qxd5 Rfd8 24. exf7+ Kf8 25. Qf3 Qf2 26. Qxf2 Rxd1# 0-1

[Event "Werner-Ott-Open Kreuzberger Sommer 2014"]
[Site "Berlin"]
[Date "2014.07.13"]
[Round "9.18"]
[White "Niehaus, Frank"]
[Black "Hörmann, David"]
[Result "1-0"]
[WhiteElo "2200"]
[BlackElo "1985"]
[PlyCount "76"]
[EventDate "2014.??.??"]
[WhiteTeam "SK König Tegel 1949 e.V."]
[BlackTeam "SC Weisse Dame e.V."]

1. e4 c5 2. Nf3 d6 3. Bb5+ Bd7 4. Bxd7+ Qxd7 5. O-O Nc6 6. c3 Nf6 7. Re1 e5 8.
d4 g6 9. a4 Bg7 10. Na3 cxd4 11. cxd4 O-O 12. Bg5 exd4 13. Nxd4 Rfe8 14. Nxc6
bxc6 15. Qd3 h6 16. Bd2 d5 17. e5 Ng4 18. f4 h5 19. h3 Nh6 20. Rac1 Qb7 21. b4
Rac8 22. Rb1 h4 23. Be3 Nf5 24. Bf2 Bf8 25. Nc2 Qd7 26. Red1 Red8 27. Nd4 Nxd4
28. Bxd4 c5 29. bxc5 Bxc5 30. Bxc5 Rxc5 31. Rb4 Ra5 32. f5 Kg7 33. f6+ Kg8 34.
Rxh4 Rxa4 35. e6 Qc6 36. exf7+ Kxf7 37. Rh7+ Kxf6 38. Rf1+ Ke5 {ZÜ} 1-0

[Event "Werner-Ott-Open Kreuzberger Sommer 2014"]
[Site "Berlin"]
[Date "2014.07.13"]
[Round "9.19"]
[White "Baumert, Christian"]
[Black "Moos, Gerd A. Ferdinand"]
[Result "1-0"]
[WhiteElo "2137"]
[BlackElo "1956"]
[PlyCount "110"]
[EventDate "2014.??.??"]
[WhiteTeam "SG Lasker Steglitz-Wilmersdorf"]
[BlackTeam "Vereinigung der Schachsportfreun"]

1. d4 e6 2. e4 d5 3. Nc3 Bb4 4. exd5 exd5 5. Bd3 Nc6 6. a3 Bxc3+ 7. bxc3 Nf6 8.
Ne2 Bg4 9. f3 Bh5 10. O-O Bg6 11. Rb1 Na5 12. Ng3 O-O 13. Re1 Nd7 14. Bf4 Nb6
15. Re2 Qd7 16. Bb5 c6 17. Bd3 Rfe8 18. h4 Rxe2 19. Qxe2 Re8 20. Qf2 Nac4 21.
Ra1 Qe7 22. h5 Bxd3 23. cxd3 Nd6 24. a4 h6 25. Qd2 Nbc8 26. Kf2 Nb6 27. a5 Nd7
28. a6 b5 29. Rh1 Qf6 30. Bxd6 Qxd6 31. Nf5 Qf6 32. g4 Nf8 33. Re1 Ne6 34. Qe3
Qg5 35. Qxg5 hxg5 36. Nd6 Re7 37. Nb7 Kf8 38. Na5 Nd8 39. Rh1 Ke8 40. h6 gxh6
41. Rxh6 Kd7 42. Rh8 Kc7 43. Nb3 Ne6 44. Nc5 Nd8 45. Rg8 f6 46. Rf8 Rf7 47. Re8
Rh7 {(=)} 48. Kg3 Rg7 49. f4 gxf4+ 50. Kxf4 Rf7 51. Kf5 Rg7 52. Rxd8 Rg5+ 53.
Kxf6 Rxg4 54. Rd7+ Kb6 55. Rb7+ Ka5 1-0

[Event "Werner-Ott-Open Kreuzberger Sommer 2014"]
[Site "Berlin"]
[Date "2014.07.13"]
[Round "9.20"]
[White "Richter, Götz"]
[Black "Hoffmann, Rainer"]
[Result "1/2-1/2"]
[WhiteElo "2032"]
[BlackElo "2110"]
[PlyCount "118"]
[EventDate "2014.??.??"]
[WhiteTeam "Klub Kölner Schachfreunde e.V. 1"]
[BlackTeam "BSC Rehberge 1945 e.V."]

1. e4 c5 2. Nf3 d6 3. d4 cxd4 4. Nxd4 Nf6 5. Nc3 a6 6. Be3 e5 7. Nb3 Be7 8. f3
Be6 9. Qd2 h5 10. Nd5 Nxd5 11. exd5 Bc8 12. a4 b6 13. a5 b5 14. Bb6 Qd7 15. Be2
Bh4+ 16. g3 Bf6 17. Rc1 O-O 18. c4 bxc4 19. Rxc4 Qf5 20. O-O Nd7 21. Bd3 Qh3
22. Bc7 Be7 23. Bxd6 Bxd6 24. Rh4 Qxh4 25. gxh4 Nf6 26. Rc1 Rd8 27. Nc5 Be7 28.
Be4 Rb8 29. b4 g6 30. Qb2 Bd6 31. Qd2 Be7 32. Rd1 Ne8 33. Qc3 Bd6 34. Bd3 Nc7
35. Bc4 Nb5 36. Qd2 Nd4 37. Kg2 Nf5 38. Ne4 Bxb4 39. Qg5 Be7 40. Nf6+ Bxf6 41.
Qxf6 Ne3+ 42. Kh1 Bf5 43. Rg1 Rdc8 44. Qxe5 Re8 45. Qf6 Rec8 46. Bxa6 Rc2 47.
Re1 Nxd5 48. Qe5 Rbb2 49. Bc4 Be6 50. a6 Nf4 51. Qxf4 Bxc4 52. Re8+ Kh7 53. Re1
Bd5 54. Ra1 Rf2 55. Kg1 Rg2+ 56. Kf1 Rbf2+ 57. Ke1 Re2+ 58. Kf1 Ref2+ 59. Ke1
Re2+ 1/2-1/2

[Event "Werner-Ott-Open Kreuzberger Sommer 2014"]
[Site "Berlin"]
[Date "2014.07.13"]
[Round "9.21"]
[White "Burger, Heinrich"]
[Black "Wierzbicki, Jirawat"]
[Result "1/2-1/2"]
[WhiteElo "2101"]
[BlackElo "1804"]
[PlyCount "43"]
[EventDate "2014.??.??"]
[WhiteTeam "VfB Hermsdorf e.V."]
[BlackTeam "SK König Tegel 1949 e.V."]

1. d4 d5 2. Nf3 Nf6 3. g3 g6 4. Bg2 Bg7 5. O-O O-O 6. Nbd2 b6 7. c4 Bb7 8. Ne5
e6 9. b3 Nbd7 10. Ndf3 c5 11. e3 Rc8 12. Bb2 Qc7 13. Rc1 Qb8 14. Qe2 Qa8 15.
Rfd1 Rfd8 16. cxd5 Bxd5 17. Nxd7 Nxd7 18. Ne1 cxd4 19. Rxc8 Rxc8 20. Bxd5 Qxd5
21. Bxd4 Bxd4 22. Rxd4 1/2-1/2

[Event "Werner-Ott-Open Kreuzberger Sommer 2014"]
[Site "Berlin"]
[Date "2014.07.13"]
[Round "9.22"]
[White "Faulhaber, Rolf"]
[Black "Oppermann, Peter"]
[Result "1/2-1/2"]
[WhiteElo "2068"]
[BlackElo "1951"]
[PlyCount "74"]
[EventDate "2014.??.??"]
[WhiteTeam "SK Tauberbischofsheim"]
[BlackTeam "SK Tempelhof 1931 e.V."]

1. Nf3 Nf6 2. c4 g6 3. g3 Bg7 4. Bg2 O-O 5. d4 c5 6. O-O Qc7 7. b3 d6 8. Bb2
Nbd7 9. Nc3 a6 10. Rc1 Rb8 11. Nd5 Nxd5 12. cxd5 b5 13. Qd2 Bb7 14. e4 Rfc8 15.
dxc5 Bxb2 16. Qxb2 dxc5 17. Rfd1 Qb6 18. e5 e6 19. Ng5 exd5 20. Bxd5 Bxd5 21.
Rxd5 Nf8 22. Ne4 Ne6 23. Nf6+ Kg7 24. Rcd1 Rd8 25. Qe2 Qb7 26. Qe4 Rxd5 27.
Qxd5 Qxd5 {(=)} 28. Rxd5 Rc8 29. Ne4 c4 30. bxc4 bxc4 31. Rd2 c3 32. Rd1 c2 33.
Rc1 Nd4 34. Kf1 Nf3 35. Ke2 Nxe5 36. Kd2 Nf3+ 37. Kd3 Ne5+ 1/2-1/2

[Event "Werner-Ott-Open Kreuzberger Sommer 2014"]
[Site "Berlin"]
[Date "2014.07.13"]
[Round "9.23"]
[White "Sechting, Martin"]
[Black "Sidabras, Jonas"]
[Result "1/2-1/2"]
[WhiteElo "2054"]
[BlackElo "1707"]
[PlyCount "111"]
[EventDate "2014.??.??"]
[WhiteTeam "SC Weisse Dame e.V."]
[BlackTeam "SC Kreuzberg e.V."]

1. d4 d6 2. e4 Nf6 3. Nc3 e6 4. Nf3 d5 5. e5 Nfd7 6. Bd3 c5 7. Bg5 Qb6 8. Qd2
Nc6 9. Na4 Qb4 10. Qxb4 Nxb4 11. Nc3 a6 12. a3 Nxd3+ 13. cxd3 cxd4 14. Ne2 f6
15. Bf4 Nc5 16. Rd1 Bd7 {(=)} 17. b4 Na4 18. Nfxd4 Rc8 19. O-O Be7 20. Rfe1 Kf7
21. Nf3 Rc2 22. Ned4 Rc3 23. Bc1 Rhc8 24. Ne2 R3c7 25. Bf4 Rc2 26. Rc1 Nb2 27.
Rxc2 Rxc2 28. Nc1 Rc3 29. Bd2 Rxa3 30. Re3 Ra1 31. Re1 Na4 32. d4 Rb1 33. Nd3
Rxe1+ 34. Bxe1 b6 35. Bd2 Bb5 36. Nfe1 Bxd3 37. Nxd3 Bd8 38. Kf1 Bc7 39. f4 Kg6
40. Ke2 h5 41. Kf3 Bd8 42. g3 Kf7 43. h3 f5 44. g4 hxg4+ 45. hxg4 g6 46. g5 a5
47. b5 Be7 48. Ke2 Ba3 49. Ke3 Nb2 50. Nxb2 Bxb2 51. Bxa5 Bc1+ 52. Kf3 Ke7 53.
Bxb6 Kd7 54. Bc5 Kc7 55. Kg3 Kb7 56. Kf3 1/2-1/2

[Event "Werner-Ott-Open Kreuzberger Sommer 2014"]
[Site "Berlin"]
[Date "2014.07.13"]
[Round "9.24"]
[White "Shapiro, Yosip"]
[Black "Gremm, Albert Jürgen"]
[Result "0-1"]
[WhiteElo "2104"]
[BlackElo "1878"]
[PlyCount "132"]
[EventDate "2014.??.??"]
[WhiteTeam "SV Berolina Mitte e.V."]
[BlackTeam "SC Kreuzberg e.V."]

1. Nf3 d5 2. c4 d4 3. e3 Nc6 4. exd4 Nxd4 5. Nxd4 Qxd4 6. d3 Nf6 7. Nc3 Bg4 8.
Qb3 O-O-O 9. Be3 Qe5 10. h3 Bh5 11. g4 Bg6 12. O-O-O e6 13. Bg2 c6 14. Qa4 Bc5
15. d4 Bxd4 16. Rxd4 Rxd4 17. Qxa7 Rxc4 18. Bd2 Rxc3+ 19. Bxc3 Qe2 20. Qa8+ Kc7
21. Ba5+ Kd6 22. Bb4+ c5 23. Bxc5+ Kxc5 24. Qa7+ Kd6 25. Qb6+ Ke7 26. Qc5+ Kd7
27. Rd1+ Ke8 28. Qc8+ Ke7 29. Qxb7+ Nd7 30. Qxd7+ Kf6 31. Qd4+ e5 32. Qd6+ Kg5
33. Qd2+ Qxd2+ 34. Rxd2 Rc8+ 35. Kd1 h5 36. Bf3 hxg4 37. hxg4 Kf4 38. Be2 Rh8
39. Rd7 Rh1+ 40. Kd2 Rh2 41. f3 e4 42. fxe4 Kxe4 43. a4 Ke5 44. a5 Ke6 45. Rd4
Ke5 46. Ra4 Be4 47. Ra3 g6 48. a6 f5 49. a7 f4 50. a8=Q Bxa8 51. Rxa8 f3 52.
Re8+ Kd4 53. g5 Rg2 54. Re6 Kd5 55. Re3 fxe2 56. Rb3 Ke5 57. Rb5+ Kf4 58. b4
Kf3 59. Re5 Kf4 60. Rxe2 Rxg5 61. Kd3 Rb5 62. Kc4 Rb8 63. b5 g5 64. Kc5 g4 65.
b6 Kf3 66. Re7 Rg8 {ZÜ} 0-1

[Event "Werner-Ott-Open Kreuzberger Sommer 2014"]
[Site "Berlin"]
[Date "2014.07.13"]
[Round "9.26"]
[White "Badestein, Hartmut"]
[Black "Schönberger, Kay"]
[Result "1-0"]
[WhiteElo "2077"]
[BlackElo "1877"]
[PlyCount "69"]
[EventDate "2014.??.??"]
[WhiteTeam "SC Friesen Lichtenberg e.V."]
[BlackTeam "SV Koblenz 03/25"]

1. e4 c5 2. Nc3 Nc6 3. Bb5 Nd4 4. Bc4 g6 5. Nge2 Bg7 6. O-O e6 7. d3 Ne7 8.
Nxd4 cxd4 9. Ne2 O-O 10. Bg5 h6 11. Bxe7 Qxe7 12. f4 a6 13. a4 b6 14. c3 dxc3
15. Nxc3 Bb7 16. Kh1 Rac8 17. Qe2 Kh7 18. Rac1 Rc5 19. e5 d5 20. Ba2 Rfc8 21.
d4 R5c7 22. Rf3 Qb4 23. Rd1 Ra8 24. Bb1 Bc6 25. g4 Bxa4 26. Nxa4 Qxa4 27. f5
Rac8 28. fxg6+ fxg6 29. Bxg6+ Kh8 30. Rff1 Rf8 31. g5 Rxf1+ 32. Qxf1 Qb3 33.
gxh6 Bxh6 34. Qf6+ Bg7 35. Qd8+ 1-0